فلسطين بين المنهاج الرباني والواقع / (رقم التسجيلة. 122608)

تفاصيل مارك
000 -الفاتح
عناصر البيانات ثابتة الطول 00774cam a2200205 i 4500
005 - تاريخ ووقت آخر معاملة
حقل ضبط 20251118112752.0
008 - عناصر البيانات ثابتة الطول
عناصر البيانات ثابتة الطول 250721s2009 jo gr 000 0 ara d
082 14 - رقم تصنيف ديوي العشري
رقم التصنيف 210.429564
رقم المادة ن ح و
100 1# - مدخل رئيسي – اسم شخصي
الاسم الشخصي النحوي، عدنان بن علي
علاقة الشخص بالعمل/ دوره مؤلف.
245 10 - بيان العنوان
العنوان فلسطين بين المنهاج الرباني والواقع /
بيان المسؤولية الدكتور عدنان بن علي رضا بن محمد النحوي.
250 ## - بيان الطبعة
بيان الطبعة الطبعة الخامسة.
264 31 - بيانات النشر، التوزيع…إلخ
مكان النشر، التوزيع...إلخ عمان :
اسم الناشر، الموزع...إلخ دار النحوي للنشر،
تاريخ النشر، التوزيع...إلخ 2009.
300 ## - الوصف المادي
عدد الوحدات المكونة للوعاء 181 صفحة.
650 17 - مدخل إضافي بالموضوع - مصطلح موضوعي
مصطلح موضوعي أو اسم جغرافي كعنصر مدخل القضية الفلسطينية.
650 17 - مدخل إضافي بالموضوع - مصطلح موضوعي
مصطلح موضوعي أو اسم جغرافي كعنصر مدخل الإسلام.
650 17 - مدخل إضافي بالموضوع - مصطلح موضوعي
مصطلح موضوعي أو اسم جغرافي كعنصر مدخل تاريخ فلسطين.
653 ## - رأس موضوع – غير مقيد
المصطلح / رأس الموضوع غير المقيد قضايا الإصلاح.
942 ## - بيانات إضافية (كوها)
نوع التنصيف Dewey Decimal Classification
نوع المادة (كوها) كتب
المقتنيات
حالة السحب حالة الفقدان مصدر التصنيف حالة التلف غير قابل للإعارة المكتبة الرئيسية المكتبة الحالية موقع الرف تاريخ التزويد الرقم المتسلسل Total Checkouts رقم الإستدعاء الباركود تاريخ آخر ظهور تاريخ الفاتورة نوع المادة (كوها)
    Dewey Decimal Classification     المكتبة المركزية المكتبة المركزية الإعارة 28/07/2025 1432759   210.429564 / ن ح و PLD00186399 28/07/2025 28/07/2025 كتب
    Dewey Decimal Classification     مكتبة أبو علندا العامة مكتبة أبو علندا العامة الإعارة 27/01/2011 1432766   210.429564/نحو PLD00186561 28/07/2025 27/01/2011 كتب
    Dewey Decimal Classification     مكتبة الأميرة ايمان العامة مكتبة الأميرة ايمان العامة الإعارة 27/01/2011 1432762   210.429564/نحو PLD00186557 28/07/2025 27/01/2011 كتب
    Dewey Decimal Classification     مكتبة الاميرة بديعة مكتبة الاميرة بديعة الإعارة 27/01/2011 1432763   210.429564/نحو PLD00186558 28/07/2025 27/01/2011 كتب
    Dewey Decimal Classification     مكتبة الجويدة مكتبة الجويدة الإعارة 27/01/2011 1432764   210.429564/نحو PLD00186559 28/07/2025 27/01/2011 كتب
    Dewey Decimal Classification     مكتبة الحسن العامة مكتبة الحسن العامة الإعارة 27/01/2011 1432765   210.429564/نحو PLD00186560 28/07/2025 27/01/2011 كتب
    Dewey Decimal Classification     مكتبة النصر العامة مكتبة النصر العامة الإعارة 27/01/2011 1432761   210.429564/نحو PLD00186556 28/07/2025 27/01/2011 كتب
    Dewey Decimal Classification     مكتبة صويلح العامة مكتبة صويلح العامة الإعارة 27/01/2011 1432760   210.429564/نحو PLD00186555 28/07/2025 27/01/2011 كتب
Implemented & Customized by: BBB with SCIT (Smart Chains for Information Technology)

Powered by Koha